000 00364nam a2200133Ia 4500
005 20260326100027.0
008 260326s9999||||xx |||||||||||||| ||und||
100 _aMarco Dorta, Enrique
245 0 _aArs Hispaniale :
_b Historia Universal del Arte hispánico /
_cEnrique Marco Dorta
260 _bPlus Ultra
300 _a449 p.
650 _aHISTORIA
942 _cBK
999 _c6463
_d6463